Maillot de foot 2024/25 - Statistiques

Statistiques générales
  • Ce quiz a été pris 347 fois
    312 depuis la dernière actualisation
  • Le résultat moyen est 24 sur 32
Statistiques - réponses
Par images Réponse % Correct
Al Hilal FC
97%
Stade Brestois 29
96%
Inter Miami
95%
RC Lens
93%
PSV Eindhoven
92%
Newcastle United FC
91%
RC Strasbourg
91%
Crystal Palace FC
90%
Sporting Clube de Portugal
90%
Atalanta Bergame
88%
Real Betis Balompié
87%
Club de Bruges KV
86%
Young Boys
85%
Valencia CF
84%
Leicester City FC
80%
Brighton & Hove Albion FC
79%
Genoa Cricket FC
78%
FC Copenhague
72%
Parma Calcio 1913
72%
Tigres UANL
72%
SE Palmeiras
71%
Botafogo de Futebol e Regatas
70%
SC Fribourg
70%
RCD Mallorca
67%
CR Flamengo
66%
PAOK Salonique
60%
Rangers FC
59%
FC St. Pauli
48%
Vissel Kobe
47%
Trabzonspor
43%
Lech Poznan
25%
FK Partizan Belgrade
18%
Aucun quiz correspondant
Distribution des résultats
% des personnes avec chaque résultat
Percentile par nombre de réponses
Votre historique - résultats
Vous n’avez pas pris ce quiz depuis la dernière actualisation